[Event "AUT-chT U18 rapid"]
[Site "Vienna"]
[Date "2023.10.29"]
[Round "3.6"]
[White "Lins, Jakob"]
[Black "Fischkin, Daniel"]
[Result "1-0"]
[WhiteElo "1330"]
[BlackElo "1436"]
[PlyCount "79"]
[EventDate "2023.10.29"]
[EventType "team-swiss"]
[EventRounds "7"]
[EventCountry "AUT"]
[SourceTitle "Mega2024 Update 01"]
[Source "Chessbase"]
[SourceDate "2023.11.12"]
[SourceVersion "1"]
[SourceVersionDate "2023.11.12"]
[SourceQuality "1"]
[WhiteTeam "Vorarlberg U18"]
[BlackTeam "Vienna U18 II"]
[WhiteTeamCountry "AUT"]
[BlackTeamCountry "AUT"]

1. e4 e5 2. Nf3 Nc6 3. Bc4 Bc5 4. Nc3 Nf6 5. d3 d6 6. Bg5 Bg4 7. h3 Bh5 8. g4 Bg6 9. Nd5 h6 10. Bh4 Bh7 11. Bxf6 gxf6 12. c3 Na5 13. Bb3 c6 14. Nb4 Qb6 15. Qd2 Nxb3 16. axb3 Bxb4 17. cxb4 Bg6 18. Qc3 Ke7 19. Nd2 d5 20. Qc5+ Qxc5 21. bxc5 dxe4 22. dxe4 Rhd8 23. f3 a6 24. Rd1 Rd7 25. Nc4 Rxd1+ 26. Kxd1 Rd8+ 27. Ke2 Rd4 28. Rd1 Rxd1 29. Kxd1 Kd7 30. Kd2 h5 31. Kc3 hxg4 32. hxg4 Kc7 33. Kb4 Bh7 34. Ka5 Bg6 35. b4 Bh7 36. Nd6 Bg6 37. Ne8+ Kd8 38. Nxf6 Kc7 39. b3 Bh7 40. Nxh7 1-0

[Event "AUT-chT U18 rapid"]
[Site "Vienna"]
[Date "2023.10.29"]
[Round "6.6"]
[White "Roessler, Lukas1"]
[Black "Fischkin, Daniel"]
[Result "0-1"]
[WhiteElo "1137"]
[BlackElo "1436"]
[PlyCount "144"]
[EventDate "2023.10.29"]
[EventType "team-swiss"]
[EventRounds "7"]
[EventCountry "AUT"]
[SourceTitle "Mega2024 Update 01"]
[Source "Chessbase"]
[SourceDate "2023.11.12"]
[SourceVersion "1"]
[SourceVersionDate "2023.11.12"]
[SourceQuality "1"]
[WhiteTeam "Kaernten U18"]
[BlackTeam "Vienna U18 II"]
[WhiteTeamCountry "AUT"]
[BlackTeamCountry "AUT"]

1. e4 e5 2. Nf3 Nc6 3. Bc4 Bc5 4. c3 Nf6 5. d4 exd4 6. 0-0 Nxe4 7. Re1 d5 8. cxd4 Bb4 9. Re2 0-0 10. Bd3 Re8 11. Bxe4 dxe4 12. Nfd2 Bg4 13. f3 exf3 14. gxf3 Bh3 15. Nb3 Qf6 16. Qd3 Rxe2 17. Qxe2 Qg6+ 18. Kh1 f6 19. Bd2 Re8 20. Qf2 Bxd2 21. N1xd2 Ne7 22. Rg1 Qh6 23. Qg3 Nf5 24. Qf2 Ne3 25. Re1 Qg5 26. Nc5 Bg2+ 27. Kg1 Bxf3+ 28. Qg3 Qxg3+ 29. hxg3 Bc6 30. Kf2 Ng4+ 31. Kf1 Bg2+ 32. Kxg2 Rxe1 33. Kf3 Nh6 34. Ndb3 b6 35. Nd3 Re8 36. g4 Kf7 37. Nf4 g5 38. Nd5 c6 39. Nc3 Ng8 40. Nd2 Ne7 41. Nde4 Rd8 42. Ke3 Nd5+ 43. Nxd5 cxd5 44. Nc3 Re8+ 45. Kf3 h6 46. Kf2 a6 47. a3 Rc8 48. Ke3 Rd8 49. Kf3 Ke6 50. Ke3 f5 51. gxf5+ Kxf5 52. Kf3 h5 53. Ne2 g4+ 54. Kg3 Re8 55. Nc3 Re3+ 56. Kh4 Rxc3 57. bxc3 Ke4 58. Kg3 b5 59. Kf2 h4 60. Kg2 Kd3 61. Kh2 Kxc3 62. Kg2 Kxd4 63. Kh2 Kc4 64. Kg2 d4 65. Kf2 d3 66. Ke3 g3 67. Kf3 d2 68. Ke2 g2 69. Kf2 d1Q 70. Ke3 g1Q+ 71. Kf4 Qf2+ 72. Ke4 Qde1# 0-1

[Event "AUT-ch U14"]
[Site "St Veit"]
[Date "2023.06.08"]
[Round "1"]
[White "Fischkin, Daniel"]
[Black "Gstrein, Matteo"]
[Result "0-1"]
[WhiteElo "1492"]
[BlackElo "1171"]
[PlyCount "42"]
[EventDate "2023.06.08"]
[EventType "swiss"]
[EventRounds "7"]
[EventCountry "AUT"]
[SourceTitle "EXT 2024"]
[Source "ChessBase"]
[SourceDate "2023.10.10"]
[SourceVersion "1"]
[SourceVersionDate "2023.10.10"]
[SourceQuality "1"]

1. e4 e5 2. Nf3 Nc6 3. Bc4 Bc5 4. c3 Nf6 5. d3 d6 6. a4 a5 7. 0-0 Bg4 8. h3 Bh5 9. Bg5 h6 10. Bh4 g5 11. Bg3 Qd7 12. Bh2 0-0-0 13. g4 Nxg4 14. Bg3 Nf6 15. Kg2 Rdg8 16. Nbd2 g4 17. hxg4 Bxg4 18. Qb3 Bh3+ 19. Kg1 Rxg3+ 20. Kh2 Bxf1 21. Ng1 Rh3+ 0-1

[Event "AUT-ch U10"]
[Site "St Veit"]
[Date "2023.05.28"]
[Round "6"]
[White "Fischkin, Daniel"]
[Black "Sams, Daniel"]
[Result "1-0"]
[WhiteElo "1492"]
[BlackElo "934"]
[PlyCount "51"]
[EventDate "2023.05.27"]
[EventType "swiss"]
[EventRounds "7"]
[EventCountry "AUT"]
[SourceTitle "CBM 214 Extra"]
[Source "ChessBase"]
[SourceDate "2023.07.31"]
[SourceVersion "1"]
[SourceVersionDate "2023.07.31"]
[SourceQuality "1"]

1. e4 e5 2. Nf3 Nc6 3. Bc4 Nf6 4. d3 Bc5 5. c3 a6 6. 0-0 h6 7. Be3 Bxe3 8. fxe3 d5 9. exd5 Nxd5 10. Qe2 Bg4 11. h3 Bh5 12. Nbd2 0-0 13. Bb3 Nb6 14. Qf2 Qxd3 15. Rae1 Rad8 16. Qh4 g6 17. g4 g5 18. Qxh5 Kg7 19. e4 Nd7 20. Nxg5 Qxd2 21. Nf3 Qxe1 22. Nxe1 Na5 23. Bxf7 Rh8 24. Qg6+ Kf8 25. Bg8+ Ke7 26. Qe6# 1-0

[Event "AUT-ch U10"]
[Site "St Veit"]
[Date "2022.06.05"]
[Round "6"]
[White "Atlas, Daniel"]
[Black "Fischkin, Daniel"]
[Result "1-0"]
[WhiteElo "1357"]
[BlackElo "978"]
[PlyCount "105"]
[EventDate "2022.06.04"]
[EventType "swiss"]
[EventRounds "7"]
[EventCountry "AUT"]
[SourceTitle "EXT 2023"]
[Source "ChessBase"]
[SourceDate "2022.10.05"]
[SourceVersion "1"]
[SourceVersionDate "2022.10.05"]
[SourceQuality "1"]

1. e4 e5 2. Nf3 Nc6 3. Bc4 Bc5 4. d3 d6 5. h3 h6 6. Nbd2 Nf6 7. c3 Bd7 8. Bb3 a6 9. Nf1 Qe7 10. Ng3 0-0 11. 0-0 Rad8 12. Nh4 Nh7 13. Nhf5 Bxf5 14. Nxf5 Qf6 15. Qg4 Qg6 16. Qh4 Ng5 17. Kh1 Nh7 18. Bd5 Qf6 19. Qg3 Ng5 20. Bd2 Rd7 21. Qg4 Rfd8 22. f4 exf4 23. d4 Bb6 24. Rxf4 Qg6 25. Raf1 Rf8 26. Nxh6+ Qxh6 27. Qxd7 Qg6 28. Qg4 Ne7 29. Bb3 c6 30. R4f2 Nxe4 31. Bxf7+ Rxf7 32. Rxf7 Qxf7 33. Rxf7 Kxf7 34. Qxe4 d5 35. Qf4+ Ke8 36. Qb8+ Bd8 37. Qxb7 Kf7 38. Qd7 Bb6 39. Bg5 Kg8 40. Qxe7 Kh7 41. Qb7 Ba5 42. b4 Bxb4 43. Qxb4 Kg6 44. Bf4 Kf7 45. Be5 g6 46. Qb7+ Kf8 47. Qg7+ Ke8 48. Qxg6+ Kd8 49. Qf7 a5 50. a4 c5 51. g4 cxd4 52. cxd4 Kc8 53. Qc7# 1-0

[Event "AUT-ch U08 Online Rapid"]
[Site "Playchess.com INT"]
[Date "2020.12.13"]
[Round "2"]
[White "Seikmann, Jim"]
[Black "Fischkin, Daniel"]
[Result "1-0"]
[WhiteElo "1699"]
[BlackElo "1547"]
[PlyCount "37"]
[EventDate "2020.12.13"]
[EventType "swiss (rapid)"]
[EventRounds "7"]
[EventCountry "AUT"]
[SourceTitle "EXT 2022"]
[Source "ChessBase"]
[SourceDate "2021.10.06"]
[SourceVersion "1"]
[SourceVersionDate "2021.10.06"]
[SourceQuality "1"]

1. e4 e5 2. Nf3 Nc6 3. d4 exd4 4. Bc4 Bd6 5. 0-0 Nf6 6. e5 Ng4 7. exd6 cxd6 8. Re1+ Kf8 9. Nxd4 Nxd4 10. Qxd4 Nf6 11. Qxd6+ Kg8 12. Bg5 Qf8 13. Qxf8+ Kxf8 14. Bxf6 gxf6 15. Nc3 Rg8 16. Re2 d6 17. Rae1 Bd7 18. Re7 Rd8 19. Rxf7# 1-0

[Event "AUT-ch U08 Online Blitz"]
[Site "Playchess.com INT"]
[Date "2020.12.11"]
[Round "1"]
[White "Fischkin, Daniel"]
[Black "Klug, Daniel"]
[Result "0-1"]
[WhiteElo "1427"]
[BlackElo "1480"]
[PlyCount "40"]
[EventDate "2020.12.11"]
[EventType "swiss (blitz)"]
[EventRounds "7"]
[EventCountry "AUT"]
[SourceTitle "EXT 2022"]
[Source "ChessBase"]
[SourceDate "2021.10.06"]
[SourceVersion "1"]
[SourceVersionDate "2021.10.06"]
[SourceQuality "1"]

1. e4 c5 2. Bc4 Nc6 3. Nf3 Nf6 4. Ng5 e6 5. Nf3 d5 6. Bb3 Bd7 7. d3 Bc8 8. e5 Nd7 9. Bg5 Be7 10. Bd2 0-0 11. 0-0 Ndxe5 12. Bf4 Nxf3+ 13. Qxf3 Nd4 14. Qg4 e5 15. Be3 Bxg4 16. Bxd4 exd4 17. f3 Be6 18. Re1 c4 19. Ba4 Qa5 20. b3 Qxe1# 0-1